Ελληνικοί παραδοσιακοί χορευτικοί ρυθμοί

Saved in:
Bibliographic Details
Main Author: Τυροβολά, Βασιλική Κ.
Format: Book
Language:Greek
Published: Αθήνα : Gutenberg, 1992.
Subjects:
Tags: Add Tag
No Tags, Be the first to tag this record!

MARC

LEADER 00000nam a2200000 i 4500
001 1/83658
008 980112s1996####gr 000 | gre||
020 |a 9600103380 
035 |1 ΠΑΡ  |a 1997  |b 06/12  |c ΛΟΥΤΖΑΚΗ  |l 10018626 
040 |a GR-MY-UA  |b gre  |e aacr 
041 0 |a gre 
082 0 |a 781.6209495 
100 1 |a Τυροβολά, Βασιλική Κ. 
245 1 0 |a Ελληνικοί παραδοσιακοί χορευτικοί ρυθμοί /   |c Βασιλική Κ. Τυροβολά.  
260 |a Αθήνα :   |b Gutenberg,   |c 1992.  
300 |a 208 σ. ;   |b πιν.  
504 |a Περιέχει βιβλιογραφία.  
650 0 0 |a Folk dance music  |z Greece  |x History and criticism. 
650 0 0 |a Folk dancing  |z Greece  |x History and criticism. 
650 0 0 |a Musical meter and rhythm. 
852 |a INST  |b LESVOS  |e 19980112  |h 781.6209495 ΤΥΡ  |p 005100015044  |q 005100015044  |t BK  |y 0 
852 |a INST  |b RHODES  |e 19960904  |h 781.6209495 ΤΥΡ  |p 005400007128  |q 005400007128  |t BK  |y 0 
909 |a Λ  |b 052790 
922 |a 1ΕΛΗ  |b 199711  |c ΛΟΥΤΖΑΚΗ 
950 |a 085-1997-06-30